Acta oeconomica no 15 etika v ekonomickom prostredí II
Salvato in:
| Altri autori: | |
|---|---|
| Natura: | Libro |
| Lingua: | slovacco |
| Pubblicazione: |
Banská Bystrica
Ekonomická fakulta Univerzity Mateja Bela
2003
|
| Soggetti: | |
| Tags: |
Nessun Tag, puoi essere il primo ad aggiungerne!!
|
MARC
| LEADER | 00000nam$a2200000$$$4500 | ||
|---|---|---|---|
| 001 | 0148950 | ||
| 005 | 20230118111140.3 | ||
| 020 | |a 80-8055-798-5 | ||
| 041 | 0 | |a slo | |
| 044 | |a SK | ||
| 245 | 1 | 0 | |a Acta oeconomica no 15 |b etika v ekonomickom prostredí II |c vedecký redaktor Helena Kuvíková |
| 264 | 1 | |a Banská Bystrica |b Ekonomická fakulta Univerzity Mateja Bela |c 2003 | |
| 300 | |a 311 s. | ||
| 610 | 2 | 0 | |a etika |
| 610 | 2 | 0 | |a ekonómia |
| 610 | 2 | 0 | |a etika podnikateľská |
| 610 | 2 | 0 | |a kultúra podniková |
| 610 | 2 | 0 | |a kultúra podnikania |
| 610 | 2 | 0 | |a Slovensko |
| 610 | 2 | 0 | |a riadenie ľudských zdrojov |
| 610 | 2 | 0 | |a riadenie podnikové |
| 700 | 1 | |a Kuvíková, Helena | |